[Event "AUTO-OPEN-4632"]
[Site "http://www.queenalice.com/game.php?id=1867435"]
[Date "2025.12.29"]
[Round "1"]
[White "mvson33"]
[Black "josebaron"]
[Result "0-1"]
[WhiteElo "1952"]
[BlackElo "2168"]

1. d4 d5 2. Nf3 Nf6 3. e3 Bg4 4. Be2 e6 5. O-O Bd6 6. c4 dxc4 7. Bxc4 O-O 8. Nc3
Nc6 9. Bd2 Re8 10. Bb3 a5 11. Qe2 e5 12. dxe5 Bxe5 13. Rad1 Qe7 14. Rc1 a4 15.
Bc2 Qd6 16. h3 Nd4 17. Qd3 Nxf3+ 18. gxf3 Qxd3 19. Bxd3 Bxf3 20. Be2 Bxc3 0-1

[Event "AUTO-OPEN-4632"]
[Site "http://www.queenalice.com/game.php?id=1867436"]
[Date "2025.12.29"]
[Round "1"]
[White "josebaron"]
[Black "mvson33"]
[Result "1/2-1/2"]
[WhiteElo "2168"]
[BlackElo "1976"]

1. e4 c5 2. Nf3 Nc6 3. Be2 d6 4. d4 cxd4 5. Nxd4 Bd7 6. O-O Nf6 7. Nc3 g6 8.
Nxc6 Bxc6 9. Bf3 Bg7 10. Nd5 O-O 11. Nxf6+ Bxf6 12. c3 Bg7 13. a4 Rc8 14. Re1
Qc7 15. Bf4 Bd7 16. h4 a6 17. a5 Bc6 18. Bg3 Qd8 19. Bf4 1/2-1/2

[Event "AUTO-OPEN-4632"]
[Site "http://www.queenalice.com/game.php?id=1867437"]
[Date "2025.12.29"]
[Round "1"]
[White "mvson33"]
[Black "IranSilva"]
[Result "0-1"]
[WhiteElo "1966"]
[BlackElo "2231"]

1. d4 d5 2. Nf3 Nf6 3. e3 Bf5 4. Bb5+ Nbd7 5. O-O c6 6. Be2 e6 7. Nc3 Be7 8. Bd3
Ne4 9. Bd2 Ndf6 10. Nh4 Nxd2 11. Qxd2 Bxd3 12. Qxd3 O-O 13. Nf3 Nd7 14. Rab1 Bf6
15. Ne2 e5 16. dxe5 Nxe5 17. Nxe5 Bxe5 18. Ng3 g6 19. Qe2 Qf6 20. c3 a5 21. Qd3
a4 22. Qd2 a3 23. bxa3 Bxc3 24. Qc1 Rfb8 25. Ne2 Be5 26. Rd1 Qh4 27. g3 Qa4 28.
Nc3 Bxc3 29. Qxc3 Qxa3 30. Qxa3 Rxa3 31. Rb2 Kf8 32. Rdb1 b5 33. Rc2 Rb6 34.
Rbc1 Raa6 35. Kf1 Ke7 36. Ke1 Kd7 37. Kd2 Ra3 38. Ke2 Rba6 39. Ra1 b4 40. Rac1
Rxa2 41. Rxa2 Rxa2+ 42. Kf1 b3 43. Rb1 Ra3 44. Ke1 c5 45. Kd1 c4 46. Ke1 c3 47.
Rd1 Kc6 48. Rc1 b2 0-1

[Event "AUTO-INT-3948"]
[Site "http://www.queenalice.com/game.php?id=1867495"]
[Date "2026.1.1"]
[Round "2"]
[White "Carlos19"]
[Black "mvson33"]
[Result "1-0"]
[WhiteElo "1677"]
[BlackElo "1940"]

1. e4 c6 2. Bc4 d5 3. exd5 cxd5 4. Bb5+ Bd7 5. Bxd7+ Nxd7 6. d4 Ngf6 7. Bg5 e6
8. Nf3 Be7 9. Bxf6 Nxf6 10. O-O O-O 11. c3 Rc8 12. h3 Qc7 13. Ne5 Bd6 14. f4 Ne4
15. Qe1 Bxe5 16. fxe5 Qb6 17. b4 Qc6 18. a4 Nxc3 19. b5 Qc4 20. Nxc3 Qxd4+ 21.
Kh2 Qxc3 22. Rc1 Qxc1 23. Qxc1 Rxc1 24. Rxc1 g6 25. Rc7 Rb8 26. Rd7 Kf8 27. h4
Ke8 28. Rc7 Kf8 29. Kg1 a6 30. b6 Ke8 31. g4 d4 32. Kf1 d3 33. Ke1 Kf8 34. Kd2
Ke8 35. Kxd3 Kf8 36. a5 Ke8 37. Kd4 Kd8 38. Rc5 Rc8 39. h5 Rxc5 40. Kxc5 Kd7 41.
Kd4 Kc6 42. Kc4 h6 43. g5 1-0

[Event "AUTO-INT-3948"]
[Site "http://www.queenalice.com/game.php?id=1867496"]
[Date "2026.1.1"]
[Round "2"]
[White "mvson33"]
[Black "Carlos19"]
[Result "1-0"]
[WhiteElo "1927"]
[BlackElo "1683"]

1. e4 e5 2. Nf3 Nc6 3. Bc4 h6 4. Nc3 Nf6 5. d4 Bd6 6. dxe5 Bxe5 7. Nxe5 Nxe5 8.
Bb3 O-O 9. O-O a6 10. Bf4 d6 11. Qe2 b5 12. Nd5 Be6 13. Nxf6+ Qxf6 14. Bg3 Bxb3
15. axb3 Nc6 16. c3 b4 17. Qe3 a5 18. f3 bxc3 19. bxc3 Rfe8 20. Qd3 h5 21. Bf2
Ne5 22. Qd2 Qg6 23. Kh1 Reb8 24. Rab1 c5 25. Qd5 Ra6 26. Bg3 Kh7 27. Bxe5 a4 28.
Bg3 axb3 29. Rxb3 Rxb3 30. Qxb3 Qf6 31. Qc2 Kg8 32. h3 h4 33. Bh2 g5 34. Rd1 Qe6
35. Qd3 Kg7 36. Qxa6 Qb3 37. Qxd6 Qxc3 38. Be5+ 1-0

[Event "AUTO-OPEN-4633"]
[Site "http://www.queenalice.com/game.php?id=1867768"]
[Date "2026.1.9"]
[Round "1"]
[White "jogo"]
[Black "mvson33"]
[Result "0-1"]
[WhiteElo "1802"]
[BlackElo "1951"]

1. e4 e5 2. Nf3 Nc6 3. c3 Nf6 4. d3 Be7 5. h3 O-O 6. Bg5 d6 7. Nbd2 a6 8. d4 Bd7
9. d5 Na7 10. a4 c6 11. c4 cxd5 12. cxd5 Rc8 13. Rc1 Rxc1 14. Qxc1 Bxa4 15. b3
Bd7 16. Nc4 Nb5 17. Qc2 Qc7 18. Bd3 Rc8 19. Be3 Qb8 20. O-O Na7 0-1